Computers, environment and urban systems
Αποθηκεύτηκε σε:
| Μορφή: | Περιοδική έκδοση |
|---|---|
| Γλώσσα: | English |
| Δημοσίευση: |
New York :
Pergamon,
c1980-
|
| Θέματα: | |
| Ετικέτες: |
Προσθήκη ετικέτας
Δεν υπάρχουν, Καταχωρήστε ετικέτα πρώτοι!
|
MARC
| LEADER | 00000nas a2200000 i 4500 | ||
|---|---|---|---|
| 001 | 1/35500 | ||
| 008 | 030512c19939999us r r 0 |eng|| | ||
| 022 | |a 0198-9715 | ||
| 035 | |l 10069889 | ||
| 040 | |a GR-MY-UA |b gre |e aacr | ||
| 041 | 0 | |a eng | |
| 082 | 0 | |a 307.76 |2 (21) | |
| 245 | 0 | 0 | |a Computers, environment and urban systems |h [περιοδικό] |
| 260 | |a New York : |b Pergamon, |c c1980- | ||
| 300 | |a v. ; |c 28 εκ. | ||
| 310 | |a 6 τεύχη το χρόνο | ||
| 650 | 0 | 0 | |a City planning |x Data processing |x Periodicals. |
| 650 | 0 | 0 | |a Cities and towns |x Simulation methods |x Periodicals. |
| 853 | |a INST |b LESVOS |c SER |h 307.76 | ||
| 922 | |a 1ΕΛΗ |b 199501 |d SWETS | ||
| 970 | |a ΤΖΑΦΕΡΗ |b ΕΥΑΓΓΕΛΙΑ |z 2003/05/12 | ||